Kanada Miasta - Quiz na mapie - Statystyki

Ogólne statystyki
  • Ten quiz został rozwiązany 625 razy
  • Średni wynik to 7 z 21
Odpowiedzi na mapie
Odpowiedzi zakodowano w zielono-czerwonej skali na mapie do tego quizu, zgodnie z poniższymi procentami.
 
Statystyki odpowiedzi
Odpowiedź % Poprawnych
Ottawa
57%
Vancouver
57%
Toronto
53%
Quebec City
52%
Montreal
45%
Calgary
37%
Victoria
34%
Halifax
32%
Winnipeg
31%
Edmonton
29%
Iqaluit
28%
St. John's
27%
Whitehorse
25%
Yellowknife
24%
Churchill
22%
Regina
21%
Thunder Bay
21%
Charlottetown
19%
Windsor
18%
Fort
McMurray
17%
Sault Ste.
Marie
14%
Nie znaleziono quizów pasujących do podanych kryteriów
Rozkład punktacji
Procent ludzi z każdym wynikiem
Percentyl według liczby udzielonych odpowiedzi
Twoja historia wyników
Nie rozwiązałeś tego quizu